|
|
|
|
| LEADER |
01358nta a2200265 i 4500 |
| 001 |
dokt9846 |
| 005 |
20200629083348.0 |
| 008 |
180606s2018 hu om 0|| hun d |
| 024 |
7 |
|
|a 10.14232/phd.9846
|2 doi
|
| 024 |
7 |
|
|a 30611389
|2 mtmt
|
| 040 |
|
|
|a SZTE Doktori Repozitórium
|b hun
|
| 041 |
|
|
|a hun
|
| 100 |
1 |
|
|a Dobó Dorina Gabriella
|
| 245 |
1 |
0 |
|a Soft- és hard templáttal szintetizált mezopórusos oxidok előállítása, jellemzése és felhasználása
|h [elektronikus dokumentum] /
|c Dobó Dorina Gabriella
|
| 246 |
1 |
0 |
|a Synthesis, characterization and applications of mesoporous oxide materials sythesized using soft and hard templates
|h [elektronikus dokumentum]
|
| 260 |
|
|
|c 2018-09-28
|
| 502 |
|
|
|a Disszertacio
|
| 650 |
|
4 |
|a kémiai tudományok
|
| 650 |
|
4 |
|a Kémiai tudományok
|
| 695 |
|
|
|a mag-héj nanoszerkezetek, nanoszerkezetek, nanokompozitok, soft– és hard templátok, mezopórusos oxidok
|
| 700 |
0 |
1 |
|a Kukovecz Ákos
|e ths
|
| 700 |
0 |
1 |
|a Sápi András
|e ths
|
| 856 |
4 |
0 |
|u https://doktori.bibl.u-szeged.hu/id/eprint/9846/1/Dob%C3%B3DorinaGabriella_disszert%C3%A1ci%C3%B3.pdf
|z Dokumentum-elérés
|
| 856 |
4 |
0 |
|u https://doktori.bibl.u-szeged.hu/id/eprint/9846/3/t%C3%A9zis_Dob%C3%B3DorinaG%20HU.pdf
|z Dokumentum-elérés
|
| 856 |
4 |
0 |
|u https://doktori.bibl.u-szeged.hu/id/eprint/9846/2/t%C3%A9zis_Dob%C3%B3DorinaG%20EN.pdf
|z Dokumentum-elérés
|